00838nam a22002537a 450000500170000001000380001702000270005503500140008203500140009603500140011003700130012408200170013710000200015424501180017426000420029227000620033430000210039670000290041770000290044670000280047570000280050370000270053170000260055820240306114343.0 aENG-139548 ENG-139547 ENG-139557  a9788181715821c4966.00 aEN-123080 aEN-123089 aEN-123079 bDBAD/PUB a577.68095482 aChandra Kailash aFaunal Diversity of Biogeographic Zones of India:bGangetic Plains/cedited by Kailash Chandra...(et.al)hEnglish bKailash ChandraakolkatacMarch, 2022 aZoological Survey of India, M-Block. New Alipore, Kolkata a387p.c30cm(hbk) aChandra, KailasheAuthor aBanerjee, DhritieAuthor aRaghunathan, C.eAuthor aGupta, DevanshueAuthor aRai, PrabhakareAuthor aSharma, GopaleAuthor